Statistics for Guess the Country by their Biggest Border

Click here to take the quiz!

General Stats

  • This quiz has been taken 85 times
  • The average score is 9 of 10

Answer Stats

CountryBorder Length (KM)Border Length (Milee)Biggest Border% Correct
North Korea1352840China
98%
Sweden16301010Norway
98%
Finland1308813Russia
95%
Moldova1222759Ukraine
93%
Romania31951985Bulgaria
84%
Nicaragua950590Honduras
84%
Israel708440Jordan
84%
France703432Brazil
80%
Hungary677390Slovakia
80%
DR Congo2,6461644Angola
73%

Score Distribution

Percentile by Number Answered

Percent of People with Each Score

Your Score History

You have not taken this quiz